04652nam a22006011i 4500001001900000003000900019005001700028008004100045016004600086017005300132020001800185035002100203035002700224040003000251041001300281044000700294080001400301100004600315245010500361246003000466250001200496260003100508300002300539490003000562500004400592505001100636505008800647505001800735505003000753505006000783505006900843505009900912505008301011505007001094505001801164505003601182505006301218505007801281505011401359505008401473505009801557505006001655505001101715505007101726505009101797505006301888505004501951505010601996505007402102520182102176650002403997700002904021991033439609708606AR-RoUNA20251006083330.0900725s1976 sp spa 7 abimoBNE19972446376zIND91002129062SpMaBN aB 49791-1976bOficina Depósito Legal Barcelona a84-335-2412-7 a(OCoLC)431369291 a(SpMaBN)bimo0000761366 aSpMaBNbspacA2dAR-RoUNA1 aspahfre aag a301.185.2 aChombart de Lauwe, Paul Henryd1912-1998.10aHombres y ciudadescPaul-Henry Chombart de Lauwe ; traducción del francés de Jordi Marfá Puig. aDes Hommes et des villes. a1a. ed. aBarcelona :bLabor,c1976. a289 p. ;c20x13 cm0 aColección Laborvv. 207 aReferencias bibliográficas e índice0 tINDICE0 tINTRODUCCION :a La ciudad discutida, la sociedad, los hombres y el espacio urbano.0 tPRIMERA PARTE0 tLA EVOLUCION DE LA CIUDAD0 tCapitulo I.a LA EXPANSION URBANA Y LAS NUEVAS CIUDADES0 tCapÍtulo II. aLOS MEDIOS DE HABITAT ANTIGUO Y LA VECINDAD. 0 tCapítulo III. aESBOZO DE UN PLAN DE INVESTIGACIONES SOBRE LA VIDA SOCIAL EN EL MEDIO URBANO0 tCapítulo IV. aESTUDIO DE LOS GRUPOS DE LAS PERSONAS EN LOS MEDIOS URBANOS. 0 tCapítulo V. a CIENCIAS HUMANAS, PLANIFICACION Y URBANISMO 0 tSEGUNDA PARTE0 t LA VIVIENDA Y SU EVOLUCION 0 t Capítulo VI.a LA VIVIENDA, LA FAMILIA Y LA SOCIEDAD 0 tCapítulo VII. aLA LIBERACION DE LOS HOMBRES POR MEDIO DE LA VIVIENDA. 0 tCapítulo VIII. aLA EVOLUCION DE LA VIVIENDA Y EL CAMBIO SOCIAL, UN ENSAYO DE OBSERVACION EXPERIMENTAL. 0 tCapítulo IX.a DE LA OBSERVACION EXPERIMENTAL A LA INTERVENCION EXPERIMIENTAL0 tCapítulo X. aPARA UNA SOCIOLOGIA DE LA VIVIENDA. METODOS Y PERSPECTIVAS DE INVESTIGACIONES0 tconclusión. LA ORGANIZACION SOCIAL EN EL MEDIO URBANO0 tANEXOS0 tDIALOGO CON LA POBLACION, LOS URBANISTAS Y LOSE SERVICIOS PUBLICOS0 tAnexo I. aDIALOGO CON EL PUBLICO, ESCANDALO DE LA VIVIENDA Y ESPERANZAS DEL URBANISMO0 tAnexo II. aDIALOGO CON LOS URBANISTAS, EL PLAN DE BURDEOS0 tAnexo III.a DIALOGO CON LOS ARQUITECTOS0 tAnexo IV.a DIALOGO CON LAS MUNICIPALIDADES. EL DESARROLLO DE LAS CIUDADES DE UN MILLON DE HABITANTES0 tAnexo V. aDIALOGO SOBRE UNA DECISION, CENTRO URBANO, CULTURA Y PODER3 aEn Hombres y ciudades, la reflexión crítica se acompaña de una visión de futuro que pueda contribuir a hacer habitable lo que sólo se planifica a menudo como celdas donde depositar el cuerpo de los individuos. Chombart de Lauwe, como sociólogo realmente inserto en la problemática actual, advierte los cambios quizás irreversibles que en la sociedad ocurren (decadencia de los barrios, masificación incesante, incomunicación entre "vecinos" materiales), pero aboga al propio tiempo por los ajustes y mejoras improrrogables, por una orientación sincera a las sugerencias de los habitantes que permita la verdadera articulación democrática del urbanismo cotidiano. Ya es sabido que los poderes públicos, en su preocupación por atender a la complejidad que plantea la ciudad y sus tentacularismos, acuden a los sociólogos (los emplean) para que tomen decisiones e ilustren a la población de modo que ésta admita lo que se le ofrece. Pero, contra esa pasividad, señala Chombart de Lauwe que los cauces van equivocados. Pues no se trata de encauzar a la población es de arriba, sino en reparar cortés y democráticamente en las aspiraciones de una persona determinada dentro de un grupo social concreto. Contra el peligro de perderse en abstracciones, se postula así la única alternativa que puede sanear la situación. Son los hombres, su persona en relación con los otros, quienes -con la meditación de sus representantes libremente elegidos- plantean alternativas, apuntan soluciones, admiten la discusión. Progresan hasta una decisión que es real, porque es de todos, o de su imagen, la mayoría. Al estudiar a la persona y a la sociedad en la ciudad, le preocupa al autor sobre todo, la más estrecha relación entre la esfera privada y la esfera pública. 7aSociología urbana1 aMarfá Puig, Jordietra